|
ห้องสมุด วิทยาลัยพยาบาลบรมราชชนนี อุดรธานี
Boromarajonani College of Nursing, Udonthani
|


|
mysqli: Table './ulib2015/stat_globaluid' is marked as crashed and last (automatic?) repair failed
select id from stat_globaluid where statuid='20260417230857_4845'
mysqli: Table './ulib2015/stat_globaluid' is marked as crashed and last (automatic?) repair failed
DELETE FROM stat_globaluid
WHERE id NOT IN (
SELECT id
FROM (
SELECT id
FROM stat_globaluid
ORDER BY id DESC
LIMIT 100
) foo
);
mysqli: Table './ulib2015/stat_globaluid' is marked as crashed and last (automatic?) repair failed
insert into stat_globaluid set
statuid='20260417230857_4845',
dt='1776442137',
phpself='/ULIB/dublinfull.php',
agent='Mozilla/5.0 AppleWebKit/537.36 (KHTML, like Gecko; compatible; ClaudeBot/1.0; +claudebot@anthropic.com)',
yea='2026',
mon='4',
dat='17',
ip='216.73.216.55'
| LEADER 00000nam 2200000 a 4500 |
| 001 13399120188 |
| 003 ULIBM |
| 008 031212s2552 th a s000 0 tha d |
| 020 ^a9789748182797
|
| 050 4 ^aHN700.565^bส349^cc2552
|
| 245 ^a ^a1111 |
| 250 ^aพิมพ์ครั้งแรก
|
| 300 ^a135 หน้า
|
| 490 0 ^aหนังสือชุด สุ จิ ปุ ลิ / มหาวิทยาลัยศรีนครินทรวิโรฒกองทุนหนังสือประเทืองปัญญา
|
| 500 ^a โครงการประกาศเกียรติคุณ มศว 60 ปี ศรีสง่ามหานคร^"จุดเปลี่ยน มศว^" 28 เมษายน 2552
|
| 650 7 ^aปัญหาสังคม^zไทย
|
| 651 7 ^aไทย^xภาวะสังคม
|
| 651 7 ^aไทย^xการเมืองและการปกครอง
|
| 700 0 ^aสุรยุทธ์ จุลานนท์
|
| 710 2 ^aมหาวิทยาลัยศรีนครินทรวิโรฒ
|
| 945 ^p135^l0^i37417
|
| 945 ^p135^l0^i37418
|
| 945 ^p135^l0^i37419
|
| 945 ^p135^l0^i37420
|
| 945 ^p135^l0^i37421
|
| 945 ^p135^l0^i37422
|
| 945 ^p135^l0^i37423
|
| 945 ^p135^l0^i37424
|
| 945 ^p135^l0^i37425
|
| 945 ^p135^l0^i37426
|
| 945 ^p135^l0^i37427
|
| 945 ^p135^l0^i37428
|
| 945 ^p135^l0^i37429
|
| 945 ^p135^l0^i37430
|
| 945 ^p135^l0^i37431 |
| 999 ^aพรปวีณ์
|
| คุณยังไม่ได้ล็อกอิน คุณสามารถมีกิจกรรมร่วมกับเว็บไซต์ได้ แต่ต้องล็อกอินก่อน :: |
|
| ลำดับที่ |
ประเภท |
เลขเรียก/บาร์โค้ด |
สถานที่ |
สถานะ |
| 1. |
 หนังสือภาษาไทย | HN700.565 ส349 c2552 ฉ.13 Barcode: 37429 | หนังสือทั่วไป | On Shelf |
| 2. |
 หนังสือภาษาไทย | HN700.565 ส349 c2552 ฉ.14 Barcode: 37430 | หนังสือทั่วไป | On Shelf |
| 3. |
 หนังสือภาษาไทย | HN700.565 ส349 c2552 ฉ.15 Barcode: 37431 | หนังสือทั่วไป | On Shelf |
1 2 [2] [แสดง 3/15 รายการ] |
mysqli: Can't create/write to file '/var/tmp/#sql_59d_0.MAI' (Errcode: 2)
select * from index_db where titl like '%สร้างสันติภาพ / สุรยุทธ์ จุลานนท์ ... [และคนอื่น ๆ]%' and mid<>'13399120188' order by rand() limit 3
mysqli: Can't create/write to file '/var/tmp/#sql_59d_0.MAI' (Errcode: 2)
select * from index_db where subj like '%ปัญหาสังคม ไทย%' and mid<>'13399120188' order by rand() limit 3
|
ยังไม่เคยถูกคอมเมนท์
|
| คอมเมนท์ทรัพยากรรายการนี้ |
|